000 01198naa a22003257a 4500
001 BR6009680
003 BR-BrBNA
005 20240918173056.0
007 ta
008 230509b bl.||||| |||| 00| 0 por d
040 _aBR-BrBNA
_bpor
_cBiblioteca Nacional de Agricultura
041 _a(Pt)
072 _aH20
_b0210
_b4120
_b3875
_bG514
090 _aH20 BR6009680
100 1 _aDianese, J.C.
111 1 _a4. Congresso Brasileiro de Agronomia
_cBelo Horizonte, MG (Brazil)
_d11 Oct 1965
245 1 _aFungicida no controle das doencas de folha da batatinha [Solanum tuberosum; Mela; Phytophthora infestans; Pinta preta; Altenaria solani; Brasil]
260 3 _aBelo Horizonte, MG (Brasil):
_c1965.
500 _aAnais do 4. Congresso Brasileiro de Agronomia Belo Horizonte, MG (Brasil): 1965. p. 149-154 (BR6009680-AM)H20
650 _aDoenca de planta
650 _aBatata
650 _aMela
650 _aPinta preta
650 _aFungo
650 _aControle quimico
650 _aFolha
773 0 _tAnais do 4. Congresso Brasileiro de Agronomia
_wH20 BR6009680
_gBelo Horizonte, MG (Brasil), 1965. p. 149-154
909 _a202404
_bLucia
_c55
_dLucia Elande
942 _cAM
_2AGRIS
999 _c302762
_d302762